[Event "zonal 1.6"]
[Site "Sankt Petersburg RUS"]
[Date "1993.01.??"]
[Round "1"]
[White "Agrest, Evgeny"]
[Black "Sokolov, Andrei"]
[Result "0-1"]
[WhiteElo "2460"]
[BlackElo "2555"]
[EventDate "1993.01.15"]
[PlyCount "78"]

1.d4 Nf6 2.c4 e6 3.Nc3 Bb4 4.a3 Bxc3+ 5.bxc3 b6 6.f3 Nc6 7.e4 Ba6 8.Bg5 h6
9.Bh4 Na5 10.e5 g5 11.Bf2 Nh5 12.h4 f5 13.hxg5 Qxg5 14.Nh3 Qg6 15.g4 fxg4 
16.Bd3 Qf7 17.fxg4 Nf4 18.Nxf4 Qxf4 19.Bg6+ Kd8 20.Qe2 Kc8 21.Qe3 Rf8 22.
Qxf4 Rxf4 23.Rxh6 Rxg4 24.c5 Kb7 25.Bc2 Rf8 26.Rd1 Bc4 27.cxb6 axb6 28.Rh7
Kc6 29.Rb1 Rf3 30.a4 Bd5 31.Rh2 Rxc3 32.Bd1 Rf4 33.Be2 Bc4 34.Kd2 Ra3 35.
Bd1 Bd3 36.Bc2 Nc4+ 37.Kc1 Rc3 38.Be1 Rf1 39.Kd1 Bxc2+ 0-1

[Event "zonal 1.6"]
[Site "Sankt Petersburg RUS"]
[Date "1993.01.??"]
[Round "1"]
[White "Dvoirys, Semen"]
[Black "Kiselev, Sergei"]
[Result "1-0"]
[WhiteElo "2565"]
[BlackElo "2510"]
[EventDate "1993.01.15"]
[PlyCount "155"]

1.e4 c5 2.Nf3 Nc6 3.d4 cxd4 4.Nxd4 Nf6 5.Nc3 d6 6.Bg5 e6 7.Qd2 a6 8.O-O-O 
h6 9.Be3 Be7 10.f4 Nxd4 11.Bxd4 b5 12.Bd3 Bb7 13.Rhe1 O-O 14.Kb1 Bc6 15.e5
dxe5 16.fxe5 Nd5 17.Ne4 Nb4 18.Nf6+ Kh8 19.Re3 Bxf6 20.exf6 Qxd4 21.fxg7+ 
Kxg7 22.Rg3+ Kf6 23.Qxh6+ Ke7 24.Qg5+ Ke8 25.c3 Qd5 26.cxb4 Qxg5 27.Rxg5 
Rh8 28.h3 Rd8 29.Bc2 Ke7 30.Rxd8 Rxd8 31.Kc1 Rd4 32.a3 Rf4 33.g3 Rf2 34.
Rc5 Kd6 35.h4 e5 36.Kd1 Bd5 37.Ke1 Rg2 38.Rc3 e4 39.Kf1 Rh2 40.Kg1 Rd2 41.
h5 e3 42.h6 Bc4 43.h7 e2 44.Re3 Rd1+ 45.Kg2 e1=Q 46.Rxe1 Rxe1 47.h8=Q Re2+
48.Kf3 Rxc2 49.Qb8+ Kc6 50.Qa7 Rxb2 51.Qxa6+ Kd5 52.Qa8+ Kd6 53.Qd8+ Ke6 
54.Qb6+ Ke5 55.Qe3+ Kd6 56.Qc5+ Ke6 57.Kf4 Ra2 58.Qc6+ Ke7 59.Qa6 Rf2+ 60.
Kg5 Ra2 61.g4 Kd7 62.Qa7+ Kd6 63.Kf6 Kc6 64.Qe3 Kd6 65.Qg3+ Kc6 66.Ke7 
Re2+ 67.Kd8 Rd2+ 68.Kc8 Be6+ 69.Kb8 Rd8+ 70.Ka7 Rd7+ 71.Ka6 Rd8 72.Qc3+ 
Bc4 73.Qf3+ Bd5 74.Qf6+ Rd6 75.Qe7 Rg6 76.Qc5+ Kd7+ 77.Ka7 Bc6 78.g5 1-0

[Event "zonal 1.6"]
[Site "Sankt Petersburg RUS"]
[Date "1993.01.??"]
[Round "1"]
[White "Gavrilov, Alexei"]
[Black "Balashov, Yury"]
[Result "0-1"]
[WhiteElo "2400"]
[BlackElo "2545"]
[EventDate "1993.01.15"]
[PlyCount "80"]

1.d4 Nf6 2.c4 e6 3.Nf3 b6 4.Nc3 Bb7 5.a3 g6 6.Qc2 Bxf3 7.gxf3 Nc6 8.e3 Bg7
9.f4 O-O 10.Bg2 Na5 11.Bxa8 Qxa8 12.O-O Nxc4 13.Qe2 Nd6 14.Bd2 Nf5 15.Rad1
c5 16.dxc5 bxc5 17.e4 Nd4 18.Qd3 d5 19.f3 Nh5 20.Qa6 Nb3 21.exd5 exd5 22.
f5 Nd4 23.Bg5 Nxf5 24.Kh1 h6 25.Bc1 Rd8 26.Qa5 Bf8 27.Ne4 Rc8 28.Nc3 Nf6 
29.Bf4 d4 30.Ne2 Nd5 31.Rf2 Re8 32.Qd2 Nde3 33.Rg1 Nh4 34.Rg3 Nef5 35.Rh3 
c4 36.Ng1 d3 37.Bg3 Be7 38.Bxh4 Bxh4 39.Rg2 Qd5 40.Qf4 Bg5 0-1

[Event "zonal 1.6"]
[Site "Sankt Petersburg RUS"]
[Date "1993.01.??"]
[Round "1"]
[White "Rublevsky, Sergei"]
[Black "Ulybin, Mikhail"]
[Result "1/2-1/2"]
[WhiteElo "2515"]
[BlackElo "2565"]
[EventDate "1993.01.15"]
[PlyCount "69"]

1.e4 e6 2.d4 d5 3.Nd2 Nf6 4.Bd3 c5 5.e5 Nfd7 6.c3 Nc6 7.Ne2 cxd4 8.cxd4 f6
9.exf6 Nxf6 10.O-O Bd6 11.Nf3 O-O 12.Bf4 Bxf4 13.Nxf4 Ne4 14.Nh5 g6 15.Ng3
Nxg3 16.hxg3 Qb6 17.Qa4 a6 18.Rab1 Bd7 19.Be2 Ne5 20.Qd1 Nxf3+ 21.gxf3 
Rac8 22.Qd2 Bb5 23.Rfc1 Rfe8 24.Bd1 Rc4 25.Rxc4 dxc4 26.b3 Bc6 27.Rc1 Rd8 
28.Rxc4 e5 29.b4 Bd5 30.Rc5 exd4 31.a3 Be6 32.f4 Rd5 33.Qe1 Rxc5 34.bxc5 
Qc6 35.Bf3 1/2-1/2

[Event "zonal 1.6"]
[Site "Sankt Petersburg RUS"]
[Date "1993.01.??"]
[Round "1"]
[White "Sveshnikov, Evgeny"]
[Black "Landa, Konstantin"]
[Result "1/2-1/2"]
[WhiteElo "2555"]
[BlackElo "2455"]
[EventDate "1993.01.15"]
[PlyCount "58"]

1.e4 c5 2.f4 Nc6 3.Nf3 a6 4.c4 g6 5.Nc3 Bg7 6.Be2 d6 7.O-O e6 8.a3 Nge7 9.
b4 cxb4 10.axb4 Nxb4 11.d4 O-O 12.Qb3 a5 13.Ba3 Bd7 14.Rfd1 Qb6 15.Kh1 
Rfc8 16.Rab1 d5 17.exd5 exd5 18.c5 Qf6 19.Bxb4 axb4 20.Qxb4 Bc6 21.g3 Nf5 
22.Ne5 Qe6 23.Bg4 Bxe5 24.Bxf5 Qxf5 25.fxe5 Qf3+ 26.Kg1 Qe3+ 27.Kg2 Ra4 
28.Nxa4 Qe2+ 29.Kg1 Qe3+ 1/2-1/2

[Event "zonal 1.6"]
[Site "Sankt Petersburg RUS"]
[Date "1993.01.??"]
[Round "1"]
[White "Tregubov, Pavel"]
[Black "Sakaev, Konstantin"]
[Result "1-0"]
[WhiteElo "2445"]
[BlackElo "2555"]
[EventDate "1993.01.15"]
[PlyCount "160"]

1.d4 d5 2.c4 c6 3.Nf3 Nf6 4.Nc3 e6 5.g3 dxc4 6.Bg2 b5 7.Bg5 Nbd7 8.Ne5 
Nxe5 9.Bxf6 gxf6 10.dxe5 Bb7 11.O-O b4 12.Ne4 fxe5 13.Qc1 Qe7 14.Rd1 Rd8 
15.Qxc4 Rd5 16.Nd2 Bg7 17.Nb3 e4 18.Bxe4 Bxb2 19.Rab1 Bc3 20.a3 Rxd1+ 21.
Rxd1 O-O 22.Nc5 a5 23.axb4 axb4 24.Bc2 Bc8 25.Ne4 Bg7 26.Nd6 c5 27.Qxc5 
Ba6 28.Qxb4 Rd8 29.Rd2 Qc7 30.Ne4 Rxd2 31.Qxd2 Bb7 32.Nd6 Bc6 33.Qd3 h6 
34.Ne4 Qa5 35.Nd2 Bb7 36.h4 Qa1+ 37.Nf1 Qa5 38.Qh7+ Kf8 39.Be4 Ba6 40.Bf3 
Qe5 41.Qc2 Qd6 42.Qe4 Bb5 43.Qa8+ Be8 44.Kg2 Bf6 45.Ne3 Qd8 46.Qe4 Bg7 47.
Ng4 Kg8 48.Qf4 Kh7 49.e4 Qd4 50.Qc7 Qd7 51.Qc5 Qd8 52.e5 Ba4 53.Qa7 Qd7 
54.Be4+ Kh8 55.Qb8+ Qe8 56.Qc7 Qf8 57.Nf6 Bb3 58.Qb7 Bc4 59.Kh2 Ba2 60.Bf3
Bxf6 61.exf6 Bc4 62.Be4 Kg8 63.Qc7 Bd5 64.Bxd5 exd5 65.Qd7 Qc5 66.Qe8+ Qf8
67.Qd7 Qc5 68.Qg4+ Kf8 69.Qg7+ Ke8 70.Qg8+ Qf8 71.Qxf8+ Kxf8 72.Kg2 Ke8 
73.Kf3 Kd7 74.Ke3 Ke6 75.Kd4 Kxf6 76.Kxd5 Kf5 77.f3 Kf6 78.g4 Kg6 79.Ke5 
Kg7 80.h5 Kg8 1-0

[Event "zonal 1.6"]
[Site "Sankt Petersburg RUS"]
[Date "1993.01.??"]
[Round "1"]
[White "Tseshkovsky, Vitaly"]
[Black "Ruban, Vadim"]
[Result "1/2-1/2"]
[WhiteElo "2540"]
[BlackElo "2595"]
[EventDate "1993.01.15"]
[PlyCount "92"]

1.e4 c5 2.Nf3 d6 3.d4 cxd4 4.Nxd4 Nf6 5.Nc3 Nc6 6.Bg5 e6 7.Qd2 a6 8.O-O-O 
h6 9.Be3 Be7 10.f3 Nxd4 11.Bxd4 b5 12.Kb1 Rb8 13.g4 b4 14.Bxf6 Bxf6 15.Ne2
Rb6 16.h4 Bxh4 17.Rxh4 Qxh4 18.Qd4 Rc6 19.Qxg7 Rf8 20.Qd4 e5 21.Qxb4 Qf2 
22.Nc3 Qxf3 23.Rc1 Rxc3 24.bxc3 Ke7 25.Bd3 Qxg4 26.Qb6 Qd7 27.Ka1 Qb7 28.
Qe3 Qc7 29.c4 Qc5 30.Qg3 Qa3 31.Qe1 Rg8 32.Rb1 Rg4 33.Rb3 Qc5 34.Kb2 h5 
35.Qd2 h4 36.Qh6 a5 37.Be2 Qd4+ 38.Ka3 Qxe4 39.Bxg4 Qxg4 40.c5 dxc5 41.Qh8
c4 42.Rb8 Qg3+ 43.Kb2 a4 44.Ra8 a3+ 45.Rxa3 Qe1 46.Ra8 Qb4+ 1/2-1/2

[Event "zonal 1.6"]
[Site "Sankt Petersburg RUS"]
[Date "1993.01.??"]
[Round "1"]
[White "Yakovich, Yury"]
[Black "Scherbakov, Ruslan"]
[Result "1/2-1/2"]
[WhiteElo "2510"]
[BlackElo "2570"]
[EventDate "1993.01.15"]
[PlyCount "29"]

1.e4 c5 2.Nf3 Nc6 3.d4 cxd4 4.Nxd4 e5 5.Nb5 d6 6.c4 Be7 7.b3 Nf6 8.Bd3 Bg4
9.f3 Be6 10.Be3 Nh5 11.O-O Nf4 12.Kh1 O-O 13.N5c3 Bg5 14.Re1 Qf6 15.Bf1 
1/2-1/2

[Event "zonal 1.6"]
[Site "Sankt Petersburg RUS"]
[Date "1993.01.??"]
[Round "2"]
[White "Balashov, Yury"]
[Black "Vyzhmanavin, Alexei"]
[Result "1/2-1/2"]
[WhiteElo "2545"]
[BlackElo "2620"]
[EventDate "1993.01.15"]
[PlyCount "62"]

1.d4 Nf6 2.c4 e6 3.Nf3 b6 4.Nc3 Bb7 5.e3 d5 6.Bd3 Bd6 7.O-O O-O 8.Qe2 Ne4 
9.Rd1 Nd7 10.Bd2 a6 11.a3 Ndf6 12.Rac1 Qe7 13.Be1 c5 14.Ne5 cxd4 15.exd4 
Nxc3 16.Bxc3 dxc4 17.Nxc4 Rfd8 18.Nxb6 Bxh2+ 19.Kxh2 Qc7+ 20.Kg1 Qxb6 21.
Bb4 Rd5 22.Rc5 a5 23.Rxd5 Bxd5 24.Bc5 Qb7 25.f3 a4 26.Rd2 h6 27.Qe5 Rd8 
28.Bb4 Bc6 29.Qa5 Qd7 30.Qe5 Nd5 31.Bc5 Bb5 1/2-1/2

[Event "zonal 1.6"]
[Site "Sankt Petersburg RUS"]
[Date "1993.01.??"]
[Round "2"]
[White "Kiselev, Sergei"]
[Black "Sveshnikov, Evgeny"]
[Result "0-1"]
[WhiteElo "2510"]
[BlackElo "2555"]
[EventDate "1993.01.15"]
[PlyCount "140"]

1.c4 e6 2.g3 d5 3.Bg2 Nf6 4.Nf3 dxc4 5.Qa4+ Nbd7 6.Qxc4 a6 7.Qb3 Bd6 8.d3 
O-O 9.O-O e5 10.Nbd2 Nc5 11.Qc2 Bg4 12.Nc4 Ne6 13.Be3 Bxf3 14.Bxf3 c6 15.
Qb3 Rb8 16.Rfc1 Nd4 17.Bxd4 exd4 18.Nxd6 Qxd6 19.Rc4 Nd7 20.Rc2 Rfe8 21.a4
a5 22.Qa3 c5 23.Qb3 b6 24.Qd5 Qe7 25.Ra3 Nf6 26.Qc4 Qd6 27.Rb3 g5 28.Qa6 
Re6 29.Rb5 g4 30.Bg2 Rbe8 31.b4 axb4 32.a5 bxa5 33.Qxa5 Nd7 34.Rb7 Kg7 35.
Be4 Re5 36.f4 R5e7 37.Qb5 Qe6 38.Kf1 h6 39.Qc6 Qxc6 40.Bxc6 Nb8 41.Rxe7 
Rxe7 42.Bd5 Rc7 43.Ra2 Nc6 44.Ra6 Ne7 45.Be4 f5 46.Bg2 h5 47.Kf2 h4 48.Ke1
h3 49.Bh1 c4 50.dxc4 Rxc4 51.Kd1 b3 52.Rb6 Ra4 53.Kd2 Ra1 54.Bb7 Rb1 55.
Rb4 b2 56.Kc2 Rf1 57.Rxb2 Rf2 58.Kd3 Rxh2 59.Kxd4 Rf2 60.Ke5 Kf7 61.Ba6 h2
62.Rb1 Rg2 63.Rh1 Kg6 64.Kd4 Ng8 65.e4 fxe4 66.Kxe4 Nf6+ 67.Kd4 Nh5 68.Bb7
Rb2 69.Be4+ Kf6 70.Ra1 Rb4+ 0-1

[Event "zonal 1.6"]
[Site "Sankt Petersburg RUS"]
[Date "1993.01.??"]
[Round "2"]
[White "Landa, Konstantin"]
[Black "Budnikov, Alexander"]
[Result "0-1"]
[WhiteElo "2455"]
[BlackElo "2520"]
[EventDate "1993.01.15"]
[PlyCount "118"]

1.e4 e6 2.d4 d5 3.Nc3 Nf6 4.Bg5 dxe4 5.Nxe4 Be7 6.Bxf6 gxf6 7.Nf3 b6 8.Bc4
Bb7 9.Qe2 Nd7 10.O-O-O c6 11.Kb1 Qc7 12.Rhe1 O-O-O 13.Ba6 Rhg8 14.g3 f5 
15.Ned2 h5 16.Bxb7+ Kxb7 17.Nc4 h4 18.Rd3 hxg3 19.hxg3 b5 20.Ne3 Bf6 21.c4
Nb6 22.Rc1 f4 23.gxf4 Qxf4 24.cxb5 cxb5 25.Nf1 Rc8 26.Rcd1 Rc7 27.Ng3 Rgc8
28.Qe4+ Nd5 29.Qxf4 Nxf4 30.Rb3 Kb6 31.a4 a6 32.Ne4 Be7 33.axb5 axb5 34.
Rg1 Ne2 35.Re1 Rc1+ 36.Rxc1 Rxc1+ 37.Ka2 Rc4 38.Re3 Nxd4 39.Ne5 Ra4+ 40.
Kb1 f5 41.Nc3 Ra7 42.Ng6 Bg5 43.Re5 Bf6 44.Re1 b4 45.Ne2 Nb3 46.Kc2 Nc5 
47.Nc1 Rc7 48.Nb3 Ne4+ 49.Kb1 Rc6 50.f3 Ng5 51.Nd2 Kb5 52.f4 Nf7 53.Re2 
Nd8 54.Ne5 Rd6 55.Kc2 Nb7 56.Nd3 Na5 57.Re3 Bd4 58.Rh3 Rc6+ 59.Kb1 Nc4 0-1

[Event "zonal 1.6"]
[Site "Sankt Petersburg RUS"]
[Date "1993.01.??"]
[Round "2"]
[White "Sakaev, Konstantin"]
[Black "Rublevsky, Sergei"]
[Result "1/2-1/2"]
[WhiteElo "2555"]
[BlackElo "2515"]
[EventDate "1993.01.15"]
[PlyCount "77"]

1.d4 d5 2.Nf3 Nf6 3.c4 c6 4.Nc3 a6 5.e3 b5 6.b3 Bg4 7.h3 Bxf3 8.gxf3 e6 9.
c5 Nbd7 10.f4 g6 11.Bd3 Nh5 12.Bb2 a5 13.Qc2 Bg7 14.O-O-O Bf6 15.Ne2 Qc7 
16.Kb1 Ng7 17.Ng1 Nf5 18.Nf3 Be7 19.Ne5 a4 20.b4 Nxe5 21.dxe5 O-O-O 22.Qe2
Qb7 23.Rd2 Rhe8 24.Rhd1 Bf8 25.Bc2 Ne7 26.f3 h5 27.a3 Bh6 28.Bc3 Rd7 29.
Rd3 Red8 30.Qh2 Nf5 31.Bb2 Qc7 32.Qd2 Ne7 33.Bc1 Nf5 34.Qf2 d4 35.exd4 Rd5
36.Kb2 Qe7 37.Bb1 Qh4 38.Qxh4 Nxh4 39.Kc3 1/2-1/2

[Event "zonal 1.6"]
[Site "Sankt Petersburg RUS"]
[Date "1993.01.??"]
[Round "2"]
[White "Scherbakov, Ruslan"]
[Black "Tseshkovsky, Vitaly"]
[Result "1/2-1/2"]
[WhiteElo "2570"]
[BlackElo "2540"]
[EventDate "1993.01.15"]
[PlyCount "98"]

1.Nf3 Nf6 2.c4 g6 3.Nc3 d5 4.cxd5 Nxd5 5.Qa4+ Bd7 6.Qh4 Nf6 7.e4 Bg7 8.Bc4
h6 9.Ne5 e6 10.d4 Nc6 11.Be3 Qe7 12.a3 g5 13.Qh3 Nxe5 14.dxe5 Nh7 15.Qg3 
Nf8 16.h4 Ng6 17.hxg5 Bxe5 18.Qg4 hxg5 19.Rxh8+ Bxh8 20.Qxg5 Bf6 21.Qc5 
Qxc5 22.Bxc5 Bc6 23.f3 O-O-O 24.Rd1 Rg8 25.Bf1 Nf4 26.Rd2 a6 27.Be3 Be5 
28.Kf2 f5 29.exf5 exf5 30.Ne2 Nxe2 31.Bxe2 f4 32.Bc5 Rd8 33.Rxd8+ Kxd8 34.
b3 Bd5 35.Bd1 b6 36.Bb4 c5 37.Bd2 b5 38.Bc1 Kd7 39.Ke1 Ke6 40.Kd2 Bd4 41.
Kc2 Ke5 42.Be2 c4 43.bxc4 Bxc4 44.Bxc4 bxc4 45.Bd2 Kf5 46.Be1 Be5 47.Bf2 
Ke6 48.a4 Kd5 49.Bb6 Ke6 1/2-1/2

[Event "zonal 1.6"]
[Site "Sankt Petersburg RUS"]
[Date "1993.01.??"]
[Round "2"]
[White "Sorokin, Maxim"]
[Black "Gavrilov, Alexei"]
[Result "1-0"]
[WhiteElo "2490"]
[BlackElo "2400"]
[EventDate "1993.01.15"]
[PlyCount "77"]

1.c4 e5 2.Nc3 Nf6 3.g3 Bb4 4.Bg2 Bxc3 5.bxc3 O-O 6.e4 Re8 7.Ne2 c6 8.O-O 
d5 9.exd5 cxd5 10.d4 exd4 11.Nxd4 dxc4 12.Nb5 Nc6 13.Bf4 Bg4 14.Qxd8 Raxd8
15.Nd6 Re7 16.Nxb7 Rxb7 17.Bxc6 Rb2 18.Rfb1 Rc2 19.Be5 h5 20.a4 Bf5 21.Rb5
Bg6 22.Bd4 h4 23.gxh4 Nh5 24.Bxa7 Nf4 25.Bd4 Ne2+ 26.Kg2 Nxd4 27.cxd4 Rxd4
28.a5 Rd6 29.Bb7 c3 30.a6 Rb2 31.a7 Rd8 32.a8=Q Rxa8 33.Rxa8+ Kh7 34.h5 
Bd3 35.Rc5 c2 36.Bf3 Rb5 37.Rcc8 Kh6 38.Ra6+ f6 39.h4 1-0

[Event "zonal 1.6"]
[Site "Sankt Petersburg RUS"]
[Date "1993.01.??"]
[Round "3"]
[White "Budnikov, Alexander"]
[Black "Ruban, Vadim"]
[Result "1/2-1/2"]
[WhiteElo "2520"]
[BlackElo "2595"]
[EventDate "1993.01.15"]
[PlyCount "64"]

1.c4 c5 2.g3 Nf6 3.Bg2 Nc6 4.Nc3 e6 5.Nf3 d5 6.cxd5 Nxd5 7.O-O Be7 8.Nxd5 
exd5 9.d4 O-O 10.dxc5 Bxc5 11.Bg5 Qd7 12.a3 h6 13.b4 Bb6 14.Bc1 d4 15.Ra2 
Qd5 16.Rd2 Qc4 17.Bb2 Rd8 18.Qa1 a5 19.bxa5 Bxa5 20.Rc1 Qa4 21.Rdd1 Bb6 
22.Qb1 Be6 23.Nd2 Qa6 24.Qd3 Qxd3 25.exd3 Ne5 26.Nf3 Nxf3+ 27.Bxf3 Ba5 28.
Rc5 b6 29.Rc7 Rac8 30.Rdc1 Rxc7 31.Rxc7 Bf5 32.Rc4 Bxd3 1/2-1/2

[Event "zonal 1.6"]
[Site "Sankt Petersburg RUS"]
[Date "1993.01.??"]
[Round "3"]
[White "Dvoirys, Semen"]
[Black "Gleizerov, Evgeny"]
[Result "1-0"]
[WhiteElo "2565"]
[BlackElo "2550"]
[EventDate "1993.01.15"]
[PlyCount "99"]

1.e4 e6 2.d4 d5 3.Nd2 Nf6 4.e5 Nfd7 5.c3 c5 6.Bd3 Nc6 7.Ne2 cxd4 8.cxd4 f6
9.exf6 Nxf6 10.O-O Bd6 11.Nf3 O-O 12.Bf4 Bxf4 13.Nxf4 Ne4 14.Qc1 Ng5 15.
Nxg5 Qxg5 16.Bxh7+ Kxh7 17.Nxe6 Qf6 18.Nxf8+ Qxf8 19.Qg5 Qf5 20.Qh4+ Kg8 
21.Rae1 Bd7 22.Re3 Re8 23.Rxe8+ Bxe8 24.h3 Qd3 25.Re1 Bf7 26.Qg4 Nxd4 27.
Re7 Nf5 28.Rxb7 d4 29.Qf4 Bg6 30.Kh2 Qe2 31.Rd7 d3 32.Qc4+ Kh7 33.Rxd3 
Qxf2 34.Qc1 Nd4 35.Qe3 Qxe3 36.Rxe3 Bb1 37.Ra3 Nc6 38.Ra4 a5 39.Rc4 Nb4 
40.a3 Nd3 41.b4 axb4 42.axb4 Ne5 43.Rc7 Bd3 44.b5 Nc4 45.g4 Na5 46.b6 Be4 
47.Kg3 Nb7 48.h4 Kh6 49.g5+ Kg6 50.Kg4 1-0

[Event "zonal 1.6"]
[Site "Sankt Petersburg RUS"]
[Date "1993.01.??"]
[Round "3"]
[White "Kharlov, Andrei"]
[Black "Sokolov, Andrei"]
[Result "1/2-1/2"]
[WhiteElo "2580"]
[BlackElo "2555"]
[EventDate "1993.01.15"]
[PlyCount "65"]

1.d4 Nf6 2.c4 e6 3.g3 d5 4.Bg2 dxc4 5.Nf3 c5 6.O-O Nc6 7.Ne5 Bd7 8.Na3 
cxd4 9.Naxc4 Bc5 10.Qb3 Qc8 11.Bf4 O-O 12.Nxd7 Qxd7 13.Rac1 Nd5 14.Ne5 
Nxe5 15.Bxe5 Bb6 16.Rfd1 Rac8 17.Rxc8 Rxc8 18.Bxd5 Qxd5 19.Qxd5 exd5 20.
Bxd4 Bxd4 21.Rxd4 Rd8 22.e4 Kf8 23.exd5 Ke7 24.Kg2 Kd6 25.Kf3 Rc8 26.Rd2 
Re8 27.Kf4 Re5 28.h4 h5 29.f3 f6 30.g4 g5+ 31.Kg3 hxg4 32.Kxg4 gxh4 33.
Kxh4 1/2-1/2

[Event "zonal 1.6"]
[Site "Sankt Petersburg RUS"]
[Date "1993.01.??"]
[Round "3"]
[White "Yakovich, Yury"]
[Black "Ulybin, Mikhail"]
[Result "1-0"]
[WhiteElo "2510"]
[BlackElo "2565"]
[EventDate "1993.01.15"]
[PlyCount "79"]

1.d4 e6 2.c4 Nf6 3.Nf3 Bb4+ 4.Nbd2 b6 5.a3 Bxd2+ 6.Qxd2 Bb7 7.e3 O-O 8.Be2
d6 9.b4 a5 10.Bb2 axb4 11.axb4 Rxa1+ 12.Bxa1 Nbd7 13.O-O Qe7 14.Bb2 Ra8 
15.Qc2 Qd8 16.Qb3 Ra7 17.Nd2 c5 18.Rd1 Qa8 19.Bf1 Ra4 20.dxc5 bxc5 21.Bxf6
Rxb4 22.Qd3 Nxf6 23.Qxd6 Qf8 24.Qc7 Ne8 25.Qd8 Nf6 26.Qa5 Bc6 27.Nf3 Rb8 
28.Ne5 Be4 29.f3 Ra8 30.Qb6 Bc2 31.Rd2 Ba4 32.Ra2 Qc8 33.Qd6 Qf8 34.Qc7 h6
35.Ra3 Ne8 36.Qb6 Nd6 37.Qb2 Rb8 38.Qd2 Rd8 39.Qa5 Bc2 40.Qc3 1-0

[Event "zonal 1.6"]
[Site "Sankt Petersburg RUS"]
[Date "1993.01.??"]
[Round "4"]
[White "Agrest, Evgeny"]
[Black "Landa, Konstantin"]
[Result "1-0"]
[WhiteElo "2460"]
[BlackElo "2455"]
[EventDate "1993.01.15"]
[PlyCount "69"]

1.d4 d5 2.c4 e6 3.Nf3 Nf6 4.Nc3 Bb4 5.e3 O-O 6.Bd3 c5 7.cxd5 cxd4 8.exd4 
Qxd5 9.O-O Bxc3 10.bxc3 b6 11.c4 Qh5 12.Re1 Nbd7 13.Be2 Qa5 14.Bd2 Qa3 15.
Rb1 a5 16.Bc1 Qd6 17.Rb3 Qc7 18.Bd3 Bb7 19.Ne5 Nxe5 20.dxe5 Qc6 21.Bf1 
Rfd8 22.Qc2 Nd7 23.Bg5 Rdc8 24.Rh3 Nf8 25.Qd1 Ba6 26.Qg4 Ng6 27.Bd3 Bb7 
28.Be4 Qc7 29.Qh5 h6 30.Bxh6 gxh6 31.Bxg6 fxg6 32.Rg3 Kf8 33.Qxg6 Qf7 34.
Qxh6+ Ke8 35.Rg7 1-0

[Event "zonal 1.6"]
[Site "Sankt Petersburg RUS"]
[Date "1993.01.??"]
[Round "4"]
[White "Gavrilov, Alexei"]
[Black "Kiselev, Sergei"]
[Result "1/2-1/2"]
[WhiteElo "2400"]
[BlackElo "2510"]
[EventDate "1993.01.15"]
[PlyCount "116"]

1.d4 Nf6 2.c4 e6 3.Nf3 b6 4.Nc3 Bb4 5.Qb3 a5 6.Bg5 Bb7 7.e3 d6 8.Be2 Nbd7 
9.a3 Bxc3+ 10.Qxc3 h6 11.Bh4 g5 12.Bg3 Ne4 13.Qc2 h5 14.d5 Ndc5 15.h4 g4 
16.Nd4 a4 17.Rd1 Qf6 18.O-O O-O-O 19.Nb5 Ba6 20.Na7+ Kb7 21.Nc6 Rde8 22.
Kh2 Qg6 23.Rfe1 f5 24.Nb4 e5 25.Bd3 Ka7 26.Bxe4 fxe4 27.Qc3 Bc8 28.Re2 Bd7
29.Rc1 Kb7 30.Rd1 Ra8 31.Rc2 Ra5 32.Kg1 Nb3 33.Qe1 Rc5 34.Rc3 Na5 35.Rdc1 
Nb3 36.Rd1 Ra5 37.Qe2 Nc5 38.Qc2 Qf6 39.Qd2 Rf8 40.Qc2 Raa8 41.Qd2 Rfc8 
42.Rc2 Be8 43.Qc3 Ra5 44.Qe1 Nd7 45.Na2 Rca8 46.Kh2 Bg6 47.Nc1 Rc5 48.Na2 
Bf5 49.Qb4 Qe7 50.Qd2 Nf8 51.Rh1 Ng6 52.Kg1 Nf8 53.Kh2 Kb8 54.Nb4 Bd7 55.
Rcc1 Ng6 56.Kg1 Qf6 57.Rc2 Kb7 58.Rc3 Bf5 1/2-1/2

[Event "zonal 1.6"]
[Site "Sankt Petersburg RUS"]
[Date "1993.01.??"]
[Round "4"]
[White "Ruban, Vadim"]
[Black "Tregubov, Pavel"]
[Result "1-0"]
[WhiteElo "2595"]
[BlackElo "2445"]
[EventDate "1993.01.15"]
[PlyCount "111"]

1.d4 d5 2.c4 c6 3.e3 e6 4.Nf3 Nf6 5.Bd3 Nbd7 6.O-O Bd6 7.Nc3 dxc4 8.Bxc4 
O-O 9.e4 e5 10.Bg5 Qc7 11.h3 b5 12.Bd3 exd4 13.Nxd4 Be5 14.Be3 b4 15.Na4 
c5 16.Rc1 Bb7 17.Nb5 Qb8 18.f4 a6 19.fxe5 Nxe5 20.Bxc5 axb5 21.Bxf8 bxa4 
22.Bxb4 Nxd3 23.Qxd3 Ba6 24.Qd4 Bxf1 25.Rxf1 Qe8 26.e5 Rd8 27.Bd6 Qd7 28.
Rf4 a3 29.bxa3 Ne8 30.Bc5 Qc7 31.Qe3 Rc8 32.e6 f6 33.Bb4 Qc1+ 34.Qxc1 
Rxc1+ 35.Kf2 Rc6 36.Re4 Ra6 37.Ke2 Nc7 38.e7 Ne8 39.Kd3 Kf7 40.Kc4 f5 41.
Re2 g5 42.Kb3 h5 43.a4 f4 44.a5 g4 45.hxg4 hxg4 46.Kc4 Rf6 47.Bc5 f3 48.
gxf3 gxf3 49.Rf2 Nc7 50.Kd3 Ne6 51.Bb4 Ng5 52.Rf1 f2 53.a6 Nh3 54.a7 Ra6 
55.Bc5 Rxa2 56.Bxf2 1-0

[Event "zonal 1.6"]
[Site "Sankt Petersburg RUS"]
[Date "1993.01.??"]
[Round "4"]
[White "Scherbakov, Ruslan"]
[Black "Budnikov, Alexander"]
[Result "1/2-1/2"]
[WhiteElo "2570"]
[BlackElo "2520"]
[EventDate "1993.01.15"]
[PlyCount "35"]

1.Nf3 Nf6 2.c4 e6 3.g3 d5 4.Bg2 dxc4 5.Qa4+ Nbd7 6.Qxc4 c5 7.Qb3 Rb8 8.d3 
Bd6 9.Nc3 a6 10.Bg5 Qb6 11.Qxb6 Nxb6 12.Rc1 Nbd7 13.d4 cxd4 14.Nxd4 h6 15.
Bf4 Bxf4 16.gxf4 e5 17.Nf5 g6 18.Nd6+ 1/2-1/2

[Event "zonal 1.6"]
[Site "Sankt Petersburg RUS"]
[Date "1993.01.??"]
[Round "5"]
[White "Aseev, Konstantin"]
[Black "Gavrilov, Alexei"]
[Result "0-1"]
[WhiteElo "2515"]
[BlackElo "2400"]
[EventDate "1993.01.15"]
[PlyCount "114"]

1.e4 e5 2.Nf3 Nc6 3.Bb5 a6 4.Ba4 Nf6 5.O-O Be7 6.Re1 b5 7.Bb3 d6 8.c3 O-O 
9.h3 Re8 10.d4 Bb7 11.Nbd2 Bf8 12.a3 g6 13.Bc2 Nb8 14.a4 Nbd7 15.Bd3 c6 
16.b3 Bg7 17.Bb2 Qc7 18.Qc2 d5 19.Nxe5 Nxe5 20.dxe5 Nxe4 21.Nxe4 dxe4 22.
Bxe4 Bxe5 23.c4 Bxb2 24.Qxb2 c5 25.Bxb7 Qxb7 26.cxb5 axb5 27.Rxe8+ Rxe8 
28.a5 Qa6 29.Qc3 Rc8 30.Rc1 b4 31.Qa1 h5 32.h4 Kh7 33.g3 Rc6 34.Qa4 Rf6 
35.Qa2 Qb5 36.Ra1 Ra6 37.Kg2 Qc6+ 38.Kg1 Qb5 39.Kg2 Qc6+ 40.Kg1 Qb5 41.Kh2
Qc6 42.Qe2 Kg7 43.Ra2 Kh7 44.Qe3 Qc7 45.Qf4 Qxf4 46.gxf4 Kg7 47.Kg3 Kf6 
48.Kf3 Ke6 49.Ke4 Kd6 50.Kd3 Kc6 51.Kc4 Ra8 52.Re2 Rd8 53.Re4 Rd2 54.f5 
gxf5 55.Rf4 Rc2+ 56.Kd3 Rc3+ 57.Kd2 Kb5 0-1

[Event "zonal 1.6"]
[Site "Sankt Petersburg RUS"]
[Date "1993.01.??"]
[Round "5"]
[White "Budnikov, Alexander"]
[Black "Ulybin, Mikhail"]
[Result "1/2-1/2"]
[WhiteElo "2520"]
[BlackElo "2565"]
[EventDate "1993.01.15"]
[PlyCount "160"]

1.c4 c5 2.g3 Nc6 3.Bg2 g6 4.Nc3 Bg7 5.a3 d6 6.Rb1 a5 7.d3 e5 8.Nf3 Nge7 9.
O-O O-O 10.Ne1 Be6 11.Nc2 d5 12.cxd5 Nxd5 13.Ne3 Nde7 14.Bd2 b6 15.b4 cxb4
16.axb4 axb4 17.Ne4 Ba2 18.Rb2 b3 19.Nc3 e4 20.Bxe4 b5 21.Rxb3 Bxb3 22.
Qxb3 Qa5 23.Rb1 Rac8 24.Kf1 Nd4 25.Qb4 Qxb4 26.Rxb4 Rc5 27.Ned5 Nxd5 28.
Nxd5 f5 29.Bg2 Rc2 30.Ke1 Ra2 31.Ne7+ Kh8 32.Rb1 Re8 33.Bd5 Rxd2 34.Kxd2 
Rxe7 35.e3 Rd7 36.Bg2 Ne6 37.Rxb5 h5 38.Rb6 Nf8 39.d4 Kg8 40.Bb7 Kf7 41.
Ba6 Bf6 42.Ke2 Bd8 43.Rb8 Ne6 44.Bc4 Kf6 45.Ra8 Nc7 46.Rb8 Rd6 47.Rb7 Ne6 
48.Kf3 Ng5+ 49.Kg2 Rb6 50.Rxb6+ Bxb6 51.h4 Ne4 52.Bd5 Nd6 53.Kf3 Bc7 54.
Bc6 Nf7 55.Bd7 Ke7 56.Bc6 Nh6 57.Ba4 Ng4 58.Bc2 Ba5 59.Ke2 Bc3 60.Ba4 Kf7 
61.Bd7 Ba5 62.Bc8 Bb6 63.Kf3 Bc7 64.Bd7 Ba5 65.Ke2 Nf6 66.Bc6 Kg7 67.Bb7 
f4 68.exf4 Bb6 69.Bc8 Ne4 70.Bd7 Bxd4 71.f5 Bxf2 72.Kf3 Nxg3 73.fxg6 Be1 
74.Bc8 Kxg6 75.Bd7 Kh6 76.Bc8 Kh7 77.Bd7 Kg7 78.Be8 Kf8 79.Bg6 Ke7 80.Bb1 
Kf6 1/2-1/2

[Event "zonal 1.6"]
[Site "Sankt Petersburg RUS"]
[Date "1993.01.??"]
[Round "5"]
[White "Kiselev, Sergei"]
[Black "Landa, Konstantin"]
[Result "1-0"]
[WhiteElo "2510"]
[BlackElo "2455"]
[EventDate "1993.01.15"]
[PlyCount "99"]

1.d4 d5 2.c4 e6 3.Nf3 Nf6 4.Nc3 Bb4 5.cxd5 exd5 6.Bg5 Nbd7 7.e3 c5 8.Qc2 
Qa5 9.Bd3 O-O 10.O-O Re8 11.dxc5 Bxc3 12.bxc3 h6 13.Bh4 Qxc5 14.Rfc1 Ne4 
15.c4 Nb6 16.cxd5 Qxd5 17.Nd4 Bd7 18.f3 Nd6 19.Bf2 Rac8 20.Qe2 f5 21.Rxc8 
Nbxc8 22.Re1 a6 23.h3 Qe5 24.Qc2 Qf6 25.Qc7 Re7 26.Rc1 Qf8 27.Qc5 Qf6 28.
Bc2 Kh8 29.Bb3 Nf7 30.Rc3 Ncd6 31.Qb6 Qg6 32.Kh2 Qf6 33.Bg3 Ne5 34.Qd8+ 
Be8 35.Qb8 Kh7 36.Kh1 Bf7 37.Bc2 Bxa2 38.Rc5 g6 39.h4 h5 40.Kg1 Kg7 41.
Bxf5 Nef7 42.Bxg6 Kxg6 43.Bxd6 Nxd6 44.Rg5+ Kh7 45.Rxh5+ Kg6 46.g4 Nf7 47.
Nf5 Qa1+ 48.Kg2 Kf6 49.Qf8 Qb2+ 50.Kh3 1-0

[Event "zonal 1.6"]
[Site "Sankt Petersburg RUS"]
[Date "1993.01.??"]
[Round "5"]
[White "Sorokin, Maxim"]
[Black "Sakaev, Konstantin"]
[Result "0-1"]
[WhiteElo "2490"]
[BlackElo "2555"]
[EventDate "1993.01.15"]
[PlyCount "78"]

1.d4 Nf6 2.Nf3 g6 3.Bg5 Bg7 4.c3 c5 5.dxc5 Na6 6.Qd4 Nc7 7.Nbd2 Ne6 8.Qc4 
b6 9.cxb6 Qxb6 10.Qb3 Qc7 11.Bh4 Rb8 12.Qc2 Qb6 13.Nc4 Qc5 14.e3 O-O 15.
Bd3 Bb7 16.Ncd2 Qb6 17.Nc4 Qc7 18.O-O Bxf3 19.gxf3 Qb7 20.f4 Nc5 21.Rab1 
Nxd3 22.Qxd3 d6 23.Nd2 Rfc8 24.Rfd1 Rc7 25.c4 Qc8 26.Qe2 Qa6 27.a3 Rcb7 
28.Nf3 Rc7 29.Rbc1 Qc8 30.Nd4 a5 31.Rc2 h5 32.f5 gxf5 33.Bxf6 Bxf6 34.Qxh5
Rxc4 35.Rdc1 Rxc2 36.Rxc2 Qd7 37.f4 Kf8 38.Rg2 e6 39.Qh7 Ke7 0-1